[Event "Titled Tuesday intern op 14th Feb Early"]
[Site "Chess.com INT"]
[Date "2023.02.14"]
[Round "2"]
[White "Guo, Josh"]
[Black "Dragnev, Valentin"]
[Result "0-1"]
[WhiteElo "2112"]
[BlackElo "2565"]
[PlyCount "48"]
[EventDate "2023.02.14"]
[EventType "swiss (blitz)"]
[EventRounds "11"]
[EventCountry "USA"]
[SourceTitle "CBM 212 Extra"]
[Source "ChessBase"]
[SourceDate "2023.03.31"]
[SourceVersion "1"]
[SourceVersionDate "2023.03.31"]
[SourceQuality "1"]

1. e4 c5 2. Nf3 d6 3. d4 cxd4 4. Nxd4 Nf6 5. Nc3 Nc6 6. Bc4 Bd7 7. Bb3 Rc8 8. Be3 Na5 9. Qe2 e6 10. 0-0 Be7 11. f4 0-0 12. Kh1 a6 13. Rad1 Qc7 14. f5 Nxb3 15. axb3 b5 16. fxe6 fxe6 17. e5 dxe5 18. Nf3 b4 19. Na4 Bb5 20. Qe1 Bxf1 21. Qxf1 Nd5 22. Qd3 Qxc2 23. h3 Qxd3 24. Rxd3 e4 0-1

[Event "Titled Tuesday intern op 14th Feb Early"]
[Site "Chess.com INT"]
[Date "2023.02.14"]
[Round "4"]
[White "Reprintsev, Alexander"]
[Black "Guo, Josh"]
[Result "1-0"]
[WhiteElo "2292"]
[BlackElo "2112"]
[PlyCount "37"]
[EventDate "2023.02.14"]
[EventType "swiss (blitz)"]
[EventRounds "11"]
[EventCountry "USA"]
[SourceTitle "CBM 212 Extra"]
[Source "ChessBase"]
[SourceDate "2023.03.31"]
[SourceVersion "1"]
[SourceVersionDate "2023.03.31"]
[SourceQuality "1"]

1. e4 c5 2. b3 Nf6 3. e5 Nd5 4. Nc3 Nxc3 5. dxc3 g6 6. Nf3 Bg7 7. Bc4 Nc6 8. 0-0 0-0 9. Bf4 b6 10. Qd2 Bb7 11. Rad1 d5 12. exd6 exd6 13. Bxd6 Qf6 14. Bxf8 Bxf8 15. Bd5 Rd8 16. Qg5 Be7 17. Qxf6 Bxf6 18. Bxc6 Rxd1 19. Rxd1 1-0

[Event "Titled Tuesday intern op 14th Feb Early"]
[Site "Chess.com INT"]
[Date "2023.02.14"]
[Round "3"]
[White "Shapiro, Viktor"]
[Black "Guo, Josh"]
[Result "1-0"]
[WhiteElo "2192"]
[BlackElo "2112"]
[PlyCount "81"]
[EventDate "2023.02.14"]
[EventType "swiss (blitz)"]
[EventRounds "11"]
[EventCountry "USA"]
[SourceTitle "CBM 212 Extra"]
[Source "ChessBase"]
[SourceDate "2023.03.31"]
[SourceVersion "1"]
[SourceVersionDate "2023.03.31"]
[SourceQuality "1"]

1. c4 c5 2. Nc3 Nc6 3. g3 g6 4. Bg2 Bg7 5. Nf3 e6 6. d3 Nge7 7. 0-0 0-0 8. a3 d5 9. cxd5 Nxd5 10. Bd2 b6 11. Rc1 Bb7 12. h4 h5 13. Nxd5 Qxd5 14. b4 cxb4 15. axb4 Qd7 16. b5 Nd4 17. Nxd4 Bxg2 18. Kxg2 Bxd4 19. Qb3 Rfc8 20. Rc4 Rxc4 21. Qxc4 Rc8 22. Qb3 Qd5+ 23. Qxd5 exd5 24. Rc1 Rxc1 25. Bxc1 f5 26. f3 Kf7 27. e4 Ke6 28. g4 fxg4 29. fxg4 dxe4 30. dxe4 Kd6 31. gxh5 gxh5 32. Ba3+ Bc5 33. Bb2 Bb4 34. Bd4 Bc5 35. Bg7 Ke6 36. Kf3 Bd6 37. Bd4 Bb4 38. Bf2 Bd6 39. Be3 Be5 40. Bf4 Bd4 41. Bb8 1-0

[Event "Titled Tuesday intern op 24th Jan Late"]
[Site "Chess.com INT"]
[Date "2023.01.24"]
[Round "1"]
[White "Guo, Josh"]
[Black "Sargsyan, Anna M"]
[Result "0-1"]
[WhiteElo "2112"]
[BlackElo "2361"]
[PlyCount "118"]
[EventDate "2023.01.24"]
[EventType "swiss (blitz)"]
[EventRounds "11"]
[EventCountry "USA"]
[SourceTitle "EXT 2024"]
[Source "ChessBase"]
[SourceDate "2023.10.10"]
[SourceVersion "1"]
[SourceVersionDate "2023.10.10"]
[SourceQuality "1"]

1. e4 c6 2. d4 d5 3. e5 Bf5 4. h4 h5 5. Bg5 Qb6 6. Bd3 Bxd3 7. Qxd3 e6 8. Nd2 Ne7 9. Bxe7 Bxe7 10. Ngf3 c5 11. c3 Nc6 12. 0-0 0-0 13. Qe3 Rac8 14. a3 cxd4 15. cxd4 Na5 16. b4 Nc4 17. Qf4 Nxd2 18. Nxd2 Rc3 19. Nf3 Rfc8 20. Rfc1 Qc7 21. Rd1 Rc2 22. Ng5 Bxg5 23. Qxg5 g6 24. Rd3 Rc3 25. Rad1 Rxd3 26. Rxd3 Qc1+ 27. Qxc1 Rxc1+ 28. Kh2 Kf8 29. Kg3 Ke7 30. Kf4 Rc2 31. Ke3 a6 32. g3 b5 33. f3 f5 34. Kf4 Kf7 35. Kg5 Rc4 36. g4 hxg4 37. fxg4 Rc1 38. gxf5 gxf5 39. Kh5 Rg1 40. Rc3 Rg4 41. Rc7+ Kf8 42. Rc6 Rxd4 43. Rxe6 Re4 44. Rf6+ Ke7 45. Rxf5 d4 46. Kg5 d3 47. Rf2 Ke6 48. Rd2 Rd4 49. h5 Kxe5 50. h6 Ke4 51. h7 Rd8 52. Kg6 Ke3 53. Rh2 d2 54. Rh3+ Ke2 55. Rh2+ Kd1 56. Kg7 Kc1 57. Rxd2 Kxd2 58. h8Q Rxh8 59. Kxh8 Kc3 0-1

[Event "Titled Tuesday intern op 10th Jan Early"]
[Site "Chess.com INT"]
[Date "2023.01.10"]
[Round "5"]
[White "Borgaonkar, Akshay"]
[Black "Guo, Josh"]
[Result "1-0"]
[WhiteElo "2036"]
[BlackElo "2112"]
[PlyCount "79"]
[EventDate "2023.01.10"]
[EventType "swiss (blitz)"]
[EventRounds "11"]
[EventCountry "USA"]
[SourceTitle "EXT 2024"]
[Source "ChessBase"]
[SourceDate "2023.10.10"]
[SourceVersion "1"]
[SourceVersionDate "2023.10.10"]
[SourceQuality "1"]

1. a3 e5 2. c4 c6 3. e4 Nf6 4. Nc3 d5 5. cxd5 cxd5 6. exd5 Nxd5 7. Nxd5 Qxd5 8. Ne2 Nc6 9. Nc3 Qd8 10. Bc4 Be7 11. 0-0 0-0 12. d3 Bf5 13. Nd5 Bc5 14. Be3 Qd6 15. b4 Bxe3 16. fxe3 Be6 17. Qf3 Rad8 18. e4 Nd4 19. Qf2 Kh8 20. Ne3 Bxc4 21. Nxc4 Qe6 22. Rad1 f6 23. Ne3 Rc8 24. Nd5 Rc2 25. Rd2 Rfc8 26. Ne3 Rc1 27. Nc4 Rxf1+ 28. Qxf1 h6 29. Ne3 Rc3 30. Nd5 Qc6 31. Nxc3 Qxc3 32. Rf2 Qxa3 33. Qe1 Qxd3 34. h3 Nc2 35. Qc1 Nd4 36. Qe1 Kh7 37. Rd2 Qc3 38. Rd1 Qc4 39. Kh2 b6 40. Rc1 1-0

[Event "Titled Tuesday intern op 10th Jan Early"]
[Site "Chess.com INT"]
[Date "2023.01.10"]
[Round "4"]
[White "Guo, Josh"]
[Black "Vagman, Roy"]
[Result "1-0"]
[WhiteElo "2112"]
[BlackElo "2260"]
[PlyCount "79"]
[EventDate "2023.01.10"]
[EventType "swiss (blitz)"]
[EventRounds "11"]
[EventCountry "USA"]
[SourceTitle "EXT 2024"]
[Source "ChessBase"]
[SourceDate "2023.10.10"]
[SourceVersion "1"]
[SourceVersionDate "2023.10.10"]
[SourceQuality "1"]

1. e4 Nc6 2. Nf3 g6 3. d4 d6 4. d5 Nb8 5. Nc3 Bg7 6. Be3 Nf6 7. Qd2 0-0 8. Bh6 Bh8 9. Bxf8 Qxf8 10. h3 Bg7 11. Bc4 a6 12. a4 Nbd7 13. 0-0 Nc5 14. Rfe1 Nh5 15. b4 Nd7 16. Rad1 Ne5 17. Be2 Nxf3+ 18. Bxf3 Nf6 19. a5 Nd7 20. Bg4 Ne5 21. Bxc8 Rxc8 22. Ne2 c5 23. c3 Nc4 24. Qa2 cxb4 25. cxb4 Nb2 26. Rd2 Nc4 27. Rc2 Ne5 28. Rec1 Rb8 29. Rc7 f5 30. Qc2 fxe4 31. Qxe4 Bf6 32. R1c2 b6 33. Nf4 bxa5 34. bxa5 Rb1+ 35. Kh2 Qh6 36. Ne6 Kf7 37. Nd8+ Kg8 38. Rc8 Qh5 39. Ne6+ Kf7 40. Rf8# 1-0

[Event "Titled Tuesday intern op 03rd Jan Late"]
[Site "Chess.com INT"]
[Date "2023.01.03"]
[Round "2"]
[White "Guo, Josh"]
[Black "Herman, Daniel"]
[Result "0-1"]
[WhiteElo "2112"]
[BlackElo "1957"]
[PlyCount "72"]
[EventDate "2023.01.03"]
[EventType "swiss (blitz)"]
[EventRounds "11"]
[EventCountry "USA"]
[SourceTitle "EXT 2024"]
[Source "ChessBase"]
[SourceDate "2023.10.10"]
[SourceVersion "1"]
[SourceVersionDate "2023.10.10"]
[SourceQuality "1"]

1. e4 g6 2. d4 Bg7 3. Nc3 d6 4. Nf3 Nf6 5. Be2 0-0 6. 0-0 e5 7. dxe5 dxe5 8. Qxd8 Rxd8 9. Bg5 Re8 10. h3 h6 11. Bxf6 Bxf6 12. Bc4 c6 13. a4 a5 14. Nd2 Na6 15. Bxa6 Rxa6 16. Nc4 Be6 17. Ne3 Raa8 18. Rfd1 Red8 19. Kf1 h5 20. f3 Be7 21. Rxd8+ Rxd8 22. Rd1 Rd4 23. b3 Kf8 24. g4 h4 25. Ne2 Rxd1+ 26. Nxd1 f5 27. Nec3 Bg5 28. Ke2 Ke7 29. Ne3 fxg4 30. fxg4 Bf4 31. Kf3 Kd6 32. Ne2 g5 33. Nxf4 exf4 34. Nf5+ Ke5 35. Ng7 Bd7 36. Nh5 c5 0-1

[Event "Titled Tuesday intern op 03rd Jan Late"]
[Site "Chess.com INT"]
[Date "2023.01.03"]
[Round "4"]
[White "Guo, Josh"]
[Black "Martins, Bruno Andre Leite"]
[Result "0-1"]
[WhiteElo "2112"]
[BlackElo "2339"]
[PlyCount "66"]
[EventDate "2023.01.03"]
[EventType "swiss (blitz)"]
[EventRounds "11"]
[EventCountry "USA"]
[SourceTitle "EXT 2024"]
[Source "ChessBase"]
[SourceDate "2023.10.10"]
[SourceVersion "1"]
[SourceVersionDate "2023.10.10"]
[SourceQuality "1"]

1. e4 b6 2. d4 Bb7 3. Nc3 e6 4. Bd3 Nf6 5. Nf3 Bb4 6. Qe2 d5 7. e5 Ne4 8. Bd2 Nxd2 9. Qxd2 c5 10. a3 Bxc3 11. bxc3 Ba6 12. Bxa6 Nxa6 13. 0-0 0-0 14. Qd3 Nb8 15. dxc5 bxc5 16. c4 dxc4 17. Qxc4 Nd7 18. Rfd1 Qc7 19. Qe4 h6 20. h3 Nb6 21. Rd6 c4 22. Rad1 Nd5 23. Rd4 Rac8 24. Nd2 c3 25. Nb3 Rfd8 26. Rxd8+ Qxd8 27. Rc4 Rxc4 28. Qxc4 Qg5 29. Qe2 Qf4 30. Qf3 Qa4 31. Qd3 Qxa3 32. Qc4 Qa2 33. Nd4 Qxc4 0-1

[Event "Newmarket Aurora Spring op"]
[Site "Newmarket"]
[Date "2019.03.30"]
[Round "2.5"]
[White "Guo, Josh"]
[Black "Kang, Dorian"]
[Result "1-0"]
[WhiteElo "2259"]
[BlackElo "2217"]
[PlyCount "119"]
[EventDate "2019.03.30"]
[EventType "swiss"]
[EventRounds "5"]
[EventCountry "CAN"]
[SourceTitle "EXT 2022"]
[Source "ChessBase"]
[SourceDate "2021.10.06"]
[SourceVersion "1"]
[SourceVersionDate "2021.10.06"]
[SourceQuality "1"]

1. e4 c5 2. c3 Nf6 3. e5 Nd5 4. d4 cxd4 5. Nf3 Nc6 6. Bc4 Nb6 7. Bb3 d5 8. exd6 Qxd6 9. 0-0 Be6 10. Bxe6 Qxe6 11. Nxd4 Nxd4 12. Qxd4 Rd8 13. Qh4 Qe2 14. Nd2 e6 15. Qg3 Qd3 16. Nf3 Qg6 17. Qc7 Qe4 18. Qxf7+ Kxf7 19. Ng5+ Kg6 20. Nxe4 Be7 21. Be3 Nc4 22. Bxa7 b6 23. Rfd1 Rxd1+ 24. Rxd1 Nxb2 25. Rd7 Rd8 26. Rxd8 Bxd8 27. Bb8 Na4 28. Kf1 Bf6 29. c4 Bd4 30. Bd6 e5 31. Ke2 Kf5 32. f3 Ke6 33. Bf8 Kf7 34. Ba3 h6 35. g4 g6 36. h3 Ke6 37. Kd3 Kd7 38. Kc2 Kc6 39. Kb3 Nc5+ 40. Bxc5 bxc5 41. Nc3 Kb6 42. Nd5+ Ka5 43. Ne7 g5 44. Nf5 Bf2 45. Nxh6 Bg3 46. Nf5 Bf4 47. Ne7 Bh2 48. Nd5 Bg3 49. Nf6 Bf4 50. Ne4 Be3 51. Kc2 Kb4 52. Kd3 Bf4 53. a3+ Kxa3 54. Nxc5 Kb4 55. Ne6 Bc1 56. c5 Kb5 57. Ke4 Bb2 58. Nxg5 Kxc5 59. Nf7 Bc3 60. g5 1-0

[Event "CAN-ch"]
[Site "Guelph"]
[Date "2011.05.10"]
[Round "7"]
[White "Guo, Josh"]
[Black "Upper, John"]
[Result "0-1"]
[WhiteElo "2123"]
[BlackElo "1987"]
[PlyCount "84"]
[EventDate "2011.05.06"]
[EventType "swiss"]
[EventRounds "9"]
[EventCountry "CAN"]
[SourceTitle "CBM 142 Extra"]
[Source "ChessBase"]
[SourceDate "2011.06.27"]
[SourceVersion "1"]
[SourceVersionDate "2011.06.27"]
[SourceQuality "1"]

1. e4 e6 2. d4 d5 3. Nd2 Nf6 4. e5 Nfd7 5. Bd3 c5 6. c3 Nc6 7. Ngf3 h6 8. 0-0 g5 9. g4 Bg7 10. b4 cxd4 11. cxd4 Nxb4 12. Bb1 Nc6 13. Qc2 Nf8 14. Re1 Qb6 15. Nb3 Ng6 16. a4 a5 17. Ba3 Bf8 18. Bxf8 Kxf8 19. Nc5 Qb4 20. Nd3 Qb6 21. Qc3 Nb4 22. Nc5 Nf4 23. Qd2 Qd8 24. h4 b6 25. Nd3 Nfxd3 26. Bxd3 gxh4 27. Kh2 Nxd3 28. Qxd3 Ba6 29. Qe3 Ke7 30. Qa3+ Ke8 31. Kh3 Rc8 32. Rac1 Rxc1 33. Rxc1 Be2 34. Rc6 Rg8 35. Qc3 Bf1+ 36. Kh2 Bc4 37. Nd2 Rxg4 38. f3 Rg3 39. Nxc4 Kf8 40. Ne3 Qg5 41. Rc8+ Kg7 42. Qa3 Rh3+ 0-1

[Event "CAN-ch"]
[Site "Guelph"]
[Date "2011.05.07"]
[Round "2"]
[White "Guo, Josh"]
[Black "Qin, Zi Yi"]
[Result "1-0"]
[WhiteElo "2123"]
[BlackElo "2159"]
[PlyCount "83"]
[EventDate "2011.05.06"]
[EventType "swiss"]
[EventRounds "9"]
[EventCountry "CAN"]
[SourceTitle "CBM 142 Extra"]
[Source "ChessBase"]
[SourceDate "2011.06.27"]
[SourceVersion "1"]
[SourceVersionDate "2011.06.27"]
[SourceQuality "1"]

1. e4 c5 2. c3 Nf6 3. e5 Nd5 4. d4 cxd4 5. Nf3 Nc6 6. cxd4 d6 7. Bc4 Nb6 8. Bb3 d5 9. Nh4 e6 10. Nf3 Be7 11. Nc3 Bd7 12. 0-0 Rc8 13. Ne2 Na5 14. Bc2 Bb5 15. Re1 Qc7 16. Bd3 Bxd3 17. Qxd3 Qc4 18. Qe3 Qc2 19. Qd2 Qxd2 20. Bxd2 Nac4 21. Rec1 Kd7 22. Bc3 Na4 23. b3 Nxc3 24. Rxc3 Na5 25. Rac1 Nc6 26. Ne1 Ba3 27. Rd1 Nb4 28. Rxc8 Rxc8 29. Rd2 Bc1 30. Nxc1 Rxc1 31. Kf1 Ra1 32. Ke2 Rxa2 33. Rxa2 Nxa2 34. Kd2 Nb4 35. f4 a5 36. g4 h6 37. h4 Kc6 38. h5 Kb5 39. Kc3 Kc6 40. f5 Kd7 41. f6 g6 42. g5 1-0

[Event "CAN-ch"]
[Site "Guelph"]
[Date "2011.05.07"]
[Round "3"]
[White "Stevens, Christian"]
[Black "Guo, Josh"]
[Result "1/2-1/2"]
[WhiteElo "2310"]
[BlackElo "2123"]
[PlyCount "85"]
[EventDate "2011.05.06"]
[EventType "swiss"]
[EventRounds "9"]
[EventCountry "CAN"]
[SourceTitle "CBM 142 Extra"]
[Source "ChessBase"]
[SourceDate "2011.06.27"]
[SourceVersion "1"]
[SourceVersionDate "2011.06.27"]
[SourceQuality "1"]

1. Nf3 Nf6 2. c4 e6 3. g3 b6 4. Bg2 Bb7 5. 0-0 c5 6. Nc3 Be7 7. Re1 Ne4 8. Nxe4 Bxe4 9. d3 Bb7 10. e4 Nc6 11. d4 Nxd4 12. Nxd4 cxd4 13. Qxd4 0-0 14. b3 Qc7 15. Bf4 Qc6 16. Rad1 d6 17. Bc1 Rfd8 18. Bb2 Bf6 19. Qd2 Bxb2 20. Qxb2 Rd7 21. Rd2 Rad8 22. Red1 Qc5 23. Qd4 Qxd4 24. Rxd4 Kf8 25. f4 Ke7 26. Kf2 a5 27. Ke3 e5 28. fxe5 dxe5 29. Rxd7+ Rxd7 30. Rxd7+ Kxd7 31. a3 Kd6 32. b4 Bc8 33. Bf1 Be6 34. Be2 f6 35. Kd2 g6 36. Ke3 Bc8 37. Kd3 Be6 38. Kc3 Bd7 39. Kb3 f5 40. exf5 gxf5 41. Kc3 h6 42. Kd3 Be8 43. Ke3 1/2-1/2

[Event "Scarborough CC-ch"]
[Site "Toronto"]
[Date "2011.03.17"]
[Round "4"]
[White "Guo, Josh"]
[Black "Song, Michael"]
[Result "1-0"]
[WhiteElo "2240"]
[BlackElo "2228"]
[PlyCount "48"]
[EventDate "2011.02.24"]
[EventType "tourn"]
[EventRounds "9"]
[EventCountry "CAN"]
[SourceTitle "EXT 2022"]
[Source "ChessBase"]
[SourceDate "2021.10.06"]
[SourceVersion "1"]
[SourceVersionDate "2021.10.06"]
[SourceQuality "1"]

1. e4 e5 2. Bc4 Nc6 3. Nf3 Nf6 4. d3 Be7 5. 0-0 0-0 6. a4 d5 7. exd5 Nxd5 8. Re1 Nb6 9. Bb3 Bg4 10. c3 Qd6 11. a5 Nd7 12. Bc2 f5 13. h3 Bh5 14. Nbd2 Rad8 15. Nf1 Bxf3 16. Qxf3 Nc5 17. Rd1 Qg6 18. Qg3 Qe6 19. Bg5 f4 20. Qh4 Bxg5 21. Qxg5 Nb3 22. Ra3 Ncxa5 23. Nd2 Nc5 24. Rxa5 Qc6 1-0

[Event "Guelph Winter ProAm"]
[Site "Guelph"]
[Date "2011.02.05"]
[Round "2"]
[White "Sambuev, Bator"]
[Black "Guo, Josh"]
[Result "1-0"]
[WhiteElo "2716"]
[BlackElo "2225"]
[PlyCount "157"]
[EventDate "2011.02.05"]
[EventType "swiss"]
[EventRounds "5"]
[EventCountry "CAN"]
[SourceTitle "EXT 2022"]
[Source "ChessBase"]
[SourceDate "2021.10.06"]
[SourceVersion "1"]
[SourceVersionDate "2021.10.06"]
[SourceQuality "1"]

1. d4 Nf6 2. c4 g6 3. Nc3 Bg7 4. e4 d6 5. Nf3 0-0 6. Be2 e5 7. 0-0 Nc6 8. d5 Ne7 9. Ne1 c6 10. Be3 a5 11. f3 c5 12. Nd3 Nd7 13. Nb5 Ra6 14. a3 a4 15. Nc3 Nb6 16. Nxc5 dxc5 17. Bxc5 Bd7 18. Be3 Ra5 19. c5 Nbc8 20. Rc1 f5 21. b4 axb3 22. Qxb3 Kh8 23. Rfd1 fxe4 24. fxe4 Qe8 25. Qxb7 Rxa3 26. c6 Nxc6 27. dxc6 Bxc6 28. Qb4 Ra8 29. Nd5 Rf7 30. Qc5 Bxd5 31. exd5 Bf8 32. Qc6 Nd6 33. Qxe8 Rxe8 34. g4 Rb8 35. Rf1 Rb2 36. Rxf7 Nxf7 37. Kf1 Nd6 38. Rc6 Kg8 39. Bf2 Ra2 40. Bg3 Nf7 41. Bc4 Ra1+ 42. Ke2 Bd6 43. Rb6 Kf8 44. Bb3 Ke7 45. Rb7+ Kf8 46. Bc2 Ra3 47. Rb5 Ra1 48. Rb1 Rxb1 49. Bxb1 Ke7 50. Be4 Ba3 51. Kd3 Bd6 52. Bh4+ g5 53. Bg3 h6 54. Bg6 Nd8 55. Kc4 Nb7 56. Bf5 Nc5 57. Bf2 Nb7 58. Bc8 Nd8 59. h3 Nf7 60. Be6 Nd8 61. Bf5 Nf7 62. Bg6 Nd8 63. h4 Kf8 64. Bf5 Nf7 65. h5 Ke7 66. Kb5 Ba3 67. Bg6 Nd8 68. Be3 Bd6 69. Kb6 Ba3 70. Kc7 Bd6+ 71. Kc8 Ba3 72. Bd2 Bc5 73. Bc3 Bd6 74. Bb2 Nf7 75. Bxf7 Kxf7 76. Kd7 Bb8 77. d6 e4 78. Bd4 Kf8 79. Ke6 1-0

[Event "Toronto Hart House Holidays op"]
[Site "Toronto"]
[Date "2010.12.19"]
[Round "5.8"]
[White "Guo, Josh"]
[Black "Abrahams, Daniel"]
[Result "0-1"]
[WhiteElo "2232"]
[BlackElo "2089"]
[PlyCount "70"]
[EventDate "2010.12.17"]
[EventType "swiss"]
[EventRounds "5"]
[EventCountry "CAN"]
[SourceTitle "EXT 2022"]
[Source "ChessBase"]
[SourceDate "2021.10.06"]
[SourceVersion "1"]
[SourceVersionDate "2021.10.06"]
[SourceQuality "1"]

1. e4 c5 2. Nf3 e6 3. d4 cxd4 4. Nxd4 a6 5. Bd3 Bc5 6. Nb3 Be7 7. 0-0 d6 8. Qg4 g6 9. Qe2 Nd7 10. a4 b6 11. Nc3 Bb7 12. Be3 Ngf6 13. Bh6 Bf8 14. Bg5 Bg7 15. f4 Qc7 16. Kh1 0-0 17. Rf2 Rfc8 18. Raf1 Nc5 19. Nxc5 bxc5 20. e5 Ne8 21. f5 gxf5 22. Bxf5 exf5 23. Rxf5 dxe5 24. Qg4 f6 25. Bxf6 Nxf6 26. Rxf6 Rf8 27. Qe6+ Kh8 28. Rf7 Rxf7 29. Rxf7 Rf8 30. Rxf8+ Bxf8 31. Ne2 Qe7 32. Qf5 e4 33. Nf4 e3 34. h3 Bg7 35. Qh5 Qe4 0-1

[Event "Kitchener"]
[Site "Kitchener"]
[Date "2010.08.01"]
[Round "6"]
[White "Guo, Josh"]
[Black "Humphreys, Michael"]
[Result "0-1"]
[WhiteElo "2210"]
[BlackElo "2208"]
[PlyCount "70"]
[EventDate "2010.07.30"]
[EventType "swiss"]
[EventRounds "7"]
[EventCountry "CAN"]
[SourceTitle "EXT 2022"]
[Source "ChessBase"]
[SourceDate "2021.10.06"]
[SourceVersion "1"]
[SourceVersionDate "2021.10.06"]
[SourceQuality "1"]

1. e4 c5 2. Nf3 d6 3. Bd3 g6 4. c3 Bg7 5. Bc2 Bg4 6. h3 Bxf3 7. Qxf3 Nc6 8. d3 Nf6 9. 0-0 0-0 10. Be3 Ne8 11. Qe2 b5 12. a3 a5 13. Nd2 Qb6 14. Nf3 Nc7 15. Qd2 Rfd8 16. d4 cxd4 17. cxd4 d5 18. e5 a4 19. Bh6 Ne6 20. Bxg7 Kxg7 21. Rfd1 Rac8 22. Bb1 Na5 23. Ba2 Nc4 24. Qb4 Rd7 25. b3 axb3 26. Bxb3 Qa5 27. Rdc1 Ra8 28. Bxc4 Qxb4 29. axb4 Rxa1 30. Rxa1 dxc4 31. Kf1 Nxd4 32. Rd1 c3 33. Nxd4 Rxd4 34. Rc1 Rc4 35. Ke2 Rxb4 0-1

[Event "Toronto Scarborough CC Frost op"]
[Site "Toronto"]
[Date "2010.01.14"]
[Round "2"]
[White "Guo, Josh"]
[Black "Manalo, Pepin"]
[Result "0-1"]
[WhiteElo "2224"]
[BlackElo "1808"]
[PlyCount "52"]
[EventDate "2010.01.07"]
[EventType "swiss"]
[EventRounds "6"]
[EventCountry "CAN"]
[SourceTitle "EXT 2011"]
[Source "ChessBase"]
[SourceDate "2010.11.26"]
[SourceVersion "1"]
[SourceVersionDate "2010.11.26"]
[SourceQuality "1"]

1. e4 g6 2. d4 Bg7 3. Nc3 c6 4. Nf3 d6 5. Bc4 e6 6. Bb3 Nd7 7. Bg5 Qc7 8. Qd2 h6 9. Bf4 Ne7 10. 0-0 g5 11. Bg3 Nb6 12. d5 e5 13. dxc6 bxc6 14. Rfd1 f5 15. Nxg5 hxg5 16. Qxg5 Kf8 17. f4 Nd7 18. fxe5 dxe5 19. Kh1 f4 20. Rf1 Bf6 21. Bxf4 Ke8 22. Qg4 exf4 23. Qe6 Rf8 24. Rad1 Be5 25. Rf3 Nc5 26. Qh6 Bg4 0-1

[Event "CAN-ch"]
[Site "Kitchener"]
[Date "2007.08.06"]
[Round "9"]
[White "Chung, Kevin"]
[Black "Guo, Josh"]
[Result "0-1"]
[WhiteElo "2217"]
[BlackElo "2214"]
[PlyCount "83"]
[EventDate "2007.08.01"]
[EventType "swiss"]
[EventRounds "9"]
[EventCountry "CAN"]
[SourceTitle "EXT 2022"]
[Source "ChessBase"]
[SourceDate "2021.10.06"]
[SourceVersion "1"]
[SourceVersionDate "2021.10.06"]
[SourceQuality "1"]

1. e4 c5 2. Nf3 d6 3. d4 cxd4 4. Nxd4 Nf6 5. Nc3 a6 6. Be2 e5 7. Nb3 Be7 8. Be3 Be6 9. 0-0 0-0 10. Qd2 b5 11. a4 b4 12. Nd5 Nxe4 13. Nxe7+ Qxe7 14. Qxb4 f5 15. Na5 Nd7 16. f3 Nec5 17. Nc6 Qf7 18. Rfd1 f4 19. Bf2 a5 20. Nxa5 Qh5 21. Qe1 Rf6 22. Bc4 Rh6 23. h3 Rg6 24. Bxe6+ Nxe6 25. Nc6 Re8 26. Bh4 Qxf3 27. Qf2 Qxc6 28. b4 e4 29. Kh2 Ne5 30. b5 Qc3 31. Qd2 Qxd2 32. Rxd2 e3 33. Rxd6 f3 34. g4 Nxg4+ 35. hxg4 Rxg4 36. Bg3 Nc5 37. Kh3 Rxa4 38. Rf1 Ne4 39. Rd3 Nxg3 40. Kxg3 f2 41. Kf3 e2 42. Kxf2 0-1

[Event "CAN-ch"]
[Site "Kitchener"]
[Date "2007.08.03"]
[Round "7"]
[White "Guo, Josh"]
[Black "Sundar, Avinash"]
[Result "1-0"]
[WhiteElo "2214"]
[BlackElo "2086"]
[PlyCount "47"]
[EventDate "2007.08.01"]
[EventType "swiss"]
[EventRounds "9"]
[EventCountry "CAN"]
[SourceTitle "EXT 2022"]
[Source "ChessBase"]
[SourceDate "2021.10.06"]
[SourceVersion "1"]
[SourceVersionDate "2021.10.06"]
[SourceQuality "1"]

1. e4 c5 2. Nf3 d6 3. d4 cxd4 4. Nxd4 Nf6 5. Nc3 g6 6. Be3 Bg7 7. f3 0-0 8. Qd2 Nc6 9. Bc4 Bd7 10. h4 h5 11. 0-0-0 Qb8 12. g4 Rc8 13. Bb3 a5 14. a4 Nxd4 15. Bxd4 b5 16. gxh5 bxa4 17. Bxf7+ Kxf7 18. hxg6+ Kxg6 19. Rhg1+ Kh7 20. Rxg7+ Kxg7 21. Qg5+ Kf7 22. Bxf6 exf6 23. Qh5+ Ke6 24. Qf5+ 1-0